The Story of the Earth : River
| Main Author: | |
|---|---|
| Format: | Book |
| Published: |
London :
Franklin Watts ,
1988
|
| Series: | Story of the Earth
|
| Subjects: |
MARC
| LEADER | 00000cam a2200000 7i4500 | ||
|---|---|---|---|
| 001 | 0000005577 | ||
| 002 | 000006029 | ||
| 005 | 20060119.0 | ||
| 020 | |a 0863137059 | ||
| 090 | 0 | 0 | |a 550 |b STO |
| 100 | 1 | |a Bender, Lionel | |
| 245 | 1 | 4 | |a The Story of the Earth : |b River |c Lionel Bender |
| 260 | |a London : |b Franklin Watts , |c 1988 | ||
| 300 | |a 32p. ; |c 29cm. | ||
| 490 | 0 | |a Story of the Earth | |
| 650 | 0 | 0 | |a River |x Juvenile literature |
| 999 | |a 016223 |b BUKU |c JUNIOR BOOKS |e PERPUSTAKAAN KOMUNITI CAW KOTA DAMANSARA | ||